[Event "Biel-C"]
[Site "Biel"]
[Date "1990.??.??"]
[Round "1"]
[White "Castagna, Renzo"]
[Black "Ambroz, Jan"]
[Result "0-1"]
[WhiteElo "2230"]
[BlackElo "2420"]

1.d4 Nf6 2.c4 e6 3.Nf3 b6 4.g3 Ba6 5.b3 Bb4+ 6.Bd2 Be7 7.Bg2 c6 8.Bc3 d5
9.Nbd2 Nbd7 10.O-O O-O 11.Re1 c5 12.e4 dxc4 13.Nxc4 cxd4 14.Bxd4 Rc8 15.e5 Nd5
16.Ne3 Nb4 17.Bf1 Bxf1 18.Rxf1 Nb8 19.Qe2 N8c6 20.Rfd1 Qc7 21.Bb2 Na5 22.h4 h6
23.Ba3 Bc5 24.Bxb4 Bxb4 25.Qb5 Bc3 26.Rd7 Qb8 27.Rad1 Qa8 28.Qe2 Rfd8 29.Rxd8+ Rxd8
30.Rxd8+ Qxd8 31.Qc2 Bb4 32.Kf1 Qd7 33.Ke2 Nc6 34.Qd3 Qxd3+ 35.Kxd3 Bc5 36.a4 Kf8
37.Ke2 Ke7 38.Kd3 Kd7 39.Kc4 a6 40.Kd3 Ne7 41.Nd4 Nc6 42.Nf3 b5 43.axb5 axb5
44.g4 Kc7 45.Ke4 Kb6 46.h5 Ka5 47.g5 Kb4 48.Ng4 hxg5 49.Nxg5 Nd8 50.f4 Kxb3
51.h6 gxh6 52.Nxh6 Kc3 53.Nhxf7 Nxf7 54.Nxf7 b4 55.Ng5 b3 56.f5 b2  0-1

[Event "Biel op"]
[Site "Biel"]
[Date "1990.??.??"]
[Round "1"]
[White "Kuzmin, Alexey"]
[Black "Gast, Jonathan"]
[Result "1-0"]
[WhiteElo "2500"]
[BlackElo "2280"]

1.d4 Nf6 2.c4 e6 3.Nf3 b6 4.g3 Ba6 5.b3 Bb4+ 6.Bd2 Be7 7.Bg2 c6 8.Bc3 O-O
9.Nbd2 d5 10.Ne5 Nfd7 11.Nxd7 Nxd7 12.O-O Rc8 13.Re1 Bf6 14.e4 c5 15.exd5 exd5
16.Bxd5 cxd4 17.Bb4 Nc5 18.Ne4 Re8 19.Bxc5 bxc5 20.Qf3 Qb6 21.Re2 d3 22.Re3 Rxe4
23.Qxe4  1-0

[Event "Biel op"]
[Site "Biel"]
[Date "1990.??.??"]
[Round "6"]
[White "Tischer, Guenter"]
[Black "Bischoff, Klaus"]
[Result "0-1"]
[WhiteElo "2335"]
[BlackElo "2530"]

1.d4 Nf6 2.c4 e6 3.Nf3 b6 4.g3 Ba6 5.b3 Bb7 6.Bg2 Bb4+ 7.Bd2 Be7 8.Nc3 O-O
9.O-O Na6 10.Bg5 c5 11.Rc1 d6 12.Re1 h6 13.Bxf6 Bxf6 14.e4 cxd4 15.Nxd4 Qb8
16.Qd2 Rd8 17.Qe3 Nc5 18.Rcd1 a6 19.f4 Qc7 20.e5 dxe5 21.fxe5 Be7 22.Bxb7 Qxb7
23.Qf3 Qxf3 24.Nxf3 Kf8 25.Kf1 Ke8 26.Ke2 Rdc8 27.Rc1 Ra7 28.Red1 Rac7 29.Ke3 b5
30.cxb5 Nxb3 31.axb3 Rxc3+ 32.Rxc3 Rxc3+ 33.Ke4 axb5 34.Nd4 Bc5 35.Ra1 Bxd4
36.Kxd4 Rxb3 37.Ra8+ Kd7 38.Ra7+ Kc6 39.Rxf7 Rb4+ 40.Kd3 Rb2 41.Rxg7 Rxh2
42.Ke4 Rb2 43.Rg6 Rb4+ 44.Ke3 Kd5 45.Rxh6 Kxe5 46.Rh5+ Kd6 47.Rg5 e5 48.Rg8 Rb1
49.Rb8 Kc7 50.Re8 Rb3+ 51.Kd2 Kd6 52.g4 Kd5 53.Kc2 Rg3 54.Rb8 Kc4 55.Rc8+ Kb4
56.Re8 Rg2+ 57.Kd3 Rxg4 58.Rxe5 Rg2 59.Rh5 Ka4 60.Rh8 Kb3 61.Rb8  0-1

[Event "Biel op"]
[Site "Biel"]
[Date "1990.??.??"]
[Round "9"]
[White "Kuzmin, Alexey"]
[Black "Lee, Graham D"]
[Result "1-0"]
[WhiteElo "2500"]
[BlackElo "2335"]

1.d4 Nf6 2.c4 e6 3.Nf3 b6 4.g3 Ba6 5.b3 Bb4+ 6.Bd2 Be7 7.Bg2 c6 8.Bc3 d5
9.Ne5 O-O 10.O-O Nfd7 11.Nxd7 Nxd7 12.Nd2 Rc8 13.Re1 Nf6 14.e4 dxe4 15.Nxe4 Bb7
16.Qc2 Rc7 17.Rad1 Rd7 18.Ng5 h6 19.Nf3 Qa8 20.c5 Nd5 21.Ne5 Rc7 22.Bd2 Rd8
23.Bxh6 gxh6 24.Nxf7 Kxf7 25.Qh7+ Ke8 26.Qg8+ Bf8 27.Qg6+ Rf7 28.Bxd5 Rxd5
29.Rxe6+ Be7 30.Rde1 Qd8 31.Rf6 Rxd4 32.Rxf7 Kd7 33.Qe6+  1-0

[Event "Biel-C"]
[Site "Biel"]
[Date "1990.??.??"]
[Round "9"]
[White "Castagna, Renzo"]
[Black "Ilijin, Neboisa"]
[Result "1/2-1/2"]
[WhiteElo "2230"]
[BlackElo "2290"]

1.d4 Nf6 2.c4 e6 3.Nf3 b6 4.g3 Ba6 5.b3 Bb4+ 6.Bd2 Be7 7.Bg2 c6 8.Bc3 d5
9.Ne5 Nfd7 10.Nxd7 Nxd7 11.O-O O-O 12.Nd2 Rc8  1/2-1/2

[Event "Brocco op"]
[Site "Brocco"]
[Date "1990.??.??"]
[Round "5"]
[White "Nemet, Ivan"]
[Black "Schneiders, Albert"]
[Result "1-0"]
[WhiteElo "2435"]
[BlackElo "2230"]

1.d4 Nf6 2.Nf3 e6 3.c4 b6 4.g3 Ba6 5.Nbd2 Bb7 6.Bg2 c5 7.e4 d6 8.Qe2 Nc6
9.d5 Nd4 10.Nxd4 cxd4 11.O-O e5 12.f4 Be7 13.a4 Bc8 14.a5 Rb8 15.axb6 Qxb6
16.Kh1 h5 17.Nf3 Bg4 18.h3 h4 19.hxg4 hxg3+ 20.Kg1 Nxg4 21.Qd3 Nf2 22.Rxf2 gxf2+
23.Kxf2 Bh4+ 24.Kf1 Bg3 25.Nxe5 Bxf4 26.Bxf4 Qxb2 27.Qa3 dxe5 28.Qxb2 Rxb2
29.Bxe5 Rc2 30.Bxd4 Rh2 31.Bf2 Rxc4 32.Bxa7 Rc2 33.Bf2 Rh6 34.Kg1 Rf6 35.Ra8+ Kd7
36.Bh3+ Kc7 37.Rc8+  1-0

[Event "Spring op"]
[Site "Budapest"]
[Date "1990.??.??"]
[Round "2"]
[White "Titov, German"]
[Black "David, Adrian"]
[Result "1-0"]
[WhiteElo "2460"]
[BlackElo "2300"]

1.d4 Nf6 2.Nf3 b6 3.c4 e6 4.g3 Ba6 5.b3 Bb4+ 6.Bd2 Be7 7.Bg2 c6 8.O-O d5
9.Ne5 Nfd7 10.Nxd7 Nxd7 11.Bc3 O-O 12.Nd2 Rc8 13.Re1 dxc4 14.bxc4 b5 15.c5 e5
16.Nb3 exd4 17.Qxd4 Bf6 18.Qb4 Qe7 19.Bxf6 Nxf6 20.Qa3 Bb7 21.Nd4 Qe5 22.Nxb5 cxb5
23.Bxb7 Qxc5 24.Qxc5 Rxc5 25.Rac1 Re5 26.e4 Rb8 27.f4 Re7 28.Bc6 g6 29.e5 Nd7
30.Red1 Nf8 31.Kf2 Rc7 32.Be4 Rbc8 33.Rxc7 Rxc7 34.Rd8 b4 35.Rb8 a5 36.Rb5 Ra7
37.g4 Kg7 38.f5 gxf5 39.gxf5 Nd7 40.f6+ Kh6 41.Bf5 Nf8 42.Ke3 Kg5 43.Ke4 Ng6
44.Bxg6 hxg6 45.h4+ Kxh4 46.e6 fxe6 47.Ke5 g5 48.Kxe6 g4 49.f7 Ra8 50.Rxa5 Rxa5
51.f8=Q Rxa2 52.Qh6+ Kg3 53.Kf5 Ra5+ 54.Ke4 Ra3 55.Qd6+ Kh3 56.Kf4 Rf3+ 57.Kg5  1-0

[Event "Budapest Herbstlich"]
[Site "Budapest"]
[Date "1990.??.??"]
[Round "2"]
[White "Tosic, Miroslav"]
[Black "Lengyel, Levente"]
[Result "1/2-1/2"]
[WhiteElo "2450"]
[BlackElo "2375"]

1.d4 Nf6 2.c4 e6 3.Nf3 b6 4.g3 Ba6 5.b3 Bb4+ 6.Bd2 Be7 7.Nc3 c6 8.e4 d5 9.Qc2 dxe4
10.Nxe4 Nbd7 11.Bc3 Bb7 12.Bg2 c5 13.Ned2 cxd4 14.Bxd4 Bc5 15.Bc3 Qe7 16.O-O Bb4
17.Bd4 Bc5 18.Rfe1 O-O 19.Rad1 Bxd4 20.Nxd4 Bxg2 21.Kxg2 Nc5 22.N2f3 Qb7
23.b4 Ncd7 24.c5 bxc5 25.bxc5 Rac8 26.c6 Qa6 27.Qb3 Nb6 28.Ne5 Nfd5 29.Nb5 f6
30.Nd7 Nxd7 31.cxd7 Qc6 32.Rxd5 Rcd8 33.Rxe6 Qxe6 34.Nd4 Qe4+ 35.f3 Qe7 36.Nc6 Qe2+
37.Kh3 Kh8 38.Nxd8 Rxd8 39.Rd1 h6 40.Qd5 Qe7 41.Rd2 g6 42.a4 Kg7 43.a5 h5
44.a6 Qe1 45.Kg2 Kf8 46.Qc5+ Kf7 47.Qc4+ Qe6 48.Qc7 Qe3 49.Qc4+ Qe6 50.Qb5 Kg7
51.Qd3 Kf7 52.Kf2 Qb6+ 53.Kf1 Qe6 54.Qb5 Qh3+ 55.Kg1 Qe6 56.Rd5 Ke7 57.Qc5+ Kf7
58.Qa5 Ke7 59.Qb4+ Kf7 60.Qd2 Qxa6 61.Kg2 Qe6 62.Rd6 Qe7 63.Kf2 Kg7 64.Qd5 a5  1/2-1/2

[Event "Elekes mem"]
[Site "Budapest"]
[Date "1990.??.??"]
[Round "2"]
[White "Lukacs, Peter"]
[Black "Roeder, Mathias"]
[Result "0-1"]
[WhiteElo "2505"]
[BlackElo "2450"]

1.d4 Nf6 2.c4 e6 3.Nf3 b6 4.g3 Ba6 5.b3 Bb4+ 6.Bd2 Bxd2+ 7.Qxd2 c6 8.Bg2 d5
9.O-O O-O 10.Ne5 Nfd7 11.Nc3 Nxe5 12.dxe5 Nd7 13.f4 Qe7 14.Rfd1 Rac8 15.e4 Rfd8
16.Kh1 dxc4 17.Qd6 Qf8 18.Qxf8+ Kxf8 19.b4 Ke7 20.Rd6 f6 21.Bh3 Nf8 22.Rad1 fxe5
23.fxe5 Rd7 24.Ne2 c3 25.Nxc3 Rcd8 26.a4 Rxd6 27.exd6+ Rxd6 28.Ra1 Rd4 29.a5 b5
30.Rb1 Ng6 31.e5 Rc4 32.Ne2 Nxe5 33.Nf4 g5 34.Re1 gxf4 35.Rxe5 Bc8 36.Rh5 Rxb4
37.Rxh7+ Kd6 38.Rxa7 f3 39.Kg1 Bd7 40.Kf2 Rb2+ 41.Kxf3 Rxh2 42.Bg4 c5 43.Ke3 Rg2
44.Ra6+ Ke5 45.Kf3 Ra2 46.Ke3 Ra3+ 47.Kf2 c4 48.Be2 c3 49.Ke3 b4  0-1

[Event "Noviki-B"]
[Site "Budapest"]
[Date "1990.??.??"]
[Round "3"]
[White "Blees, Albert"]
[Black "Luce, Sebastien"]
[Result "1-0"]
[WhiteElo "2400"]
[BlackElo "2395"]

1.d4 Nf6 2.c4 e6 3.Nf3 b6 4.g3 Ba6 5.Nbd2 Bb7 6.Bg2 c5 7.e4 cxd4 8.e5 Ng4
9.O-O Qc7 10.Re1 f6 11.h3 Nxe5 12.Nxe5 fxe5 13.Bxb7 Qxb7 14.Qh5+ Kd8 15.Qxe5 Nc6
16.Qg5+ Be7 17.Qxg7 Kc7 18.Ne4 Rag8 19.Bf4+ Kd8 20.Qh6 e5 21.Bg5 Rg6 22.Bxe7+ Kxe7
23.Qh4+ Ke8 24.f4 h5 25.fxe5 Nxe5 26.Nd6+ Rxd6 27.Rxe5+ Re6 28.Qf6 Rf8 29.Rxe6+ dxe6
30.Qxe6+ Qe7 31.Qc8+ Kf7 32.Rf1+  1-0

[Event "Utasellato IM-A"]
[Site "Budapest"]
[Date "1990.??.??"]
[Round "3"]
[White "Sinkovics, Peter"]
[Black "Stajcic, Nikola"]
[Result "0-1"]
[WhiteElo "2360"]
[BlackElo "2290"]

1.d4 Nf6 2.Nf3 b6 3.c4 e6 4.g3 Ba6 5.b3 Bb4+ 6.Bd2 Be7 7.Bg2 c6 8.Bc3 O-O
9.Nbd2 d5 10.O-O Nbd7 11.Re1 c5 12.e4 dxe4 13.Nxe4 Nxe4 14.Rxe4 Bb7 15.Re1 Bf6
16.Qc2 cxd4 17.Nxd4 Bxg2 18.Kxg2 Qc7 19.Qe4 a6 20.Rac1 Rac8 21.Red1 Rfd8
22.f4 Nc5 23.Qf3 Qb7 24.Qxb7 Nxb7 25.Kf3 Kf8 26.g4 h6 27.Bb2 Ke8 28.Rc2 b5
29.Rdd2 bxc4 30.bxc4 Rd7 31.Ke2 Rdc7 32.h4 Bxh4 33.Nf3 Bf6 34.Bxf6 gxf6 35.Rd4 Ke7
36.Nd2 Nc5 37.Nb3 Nxb3 38.axb3 a5 39.Ra2 Rc5 40.Kd3 h5 41.gxh5 Rxh5 42.Kc3 Rh3+
43.Rd3 Rxd3+ 44.Kxd3 Rc5 45.Kd4 Kd6 46.b4 e5+ 47.Kc3 axb4+ 48.Kxb4 Rc6 49.Kb5 Rc5+
50.Kb4 exf4 51.Ra6+ Rc6 52.Ra5 Ke6 53.Kc3 f5 54.Kd3 Kf6 55.c5 Ke5 56.Kc4 f3
57.Ra1 Kf4 58.Kd5 Rc8 59.c6 f2 60.Kd6 Kg3 61.Kd7 Rg8 62.c7 Kg2  0-1

[Event "Spring op"]
[Site "Budapest"]
[Date "1990.??.??"]
[Round "3"]
[White "Nikolaev, Sergej"]
[Black "Tatar Kis, Szabolcs"]
[Result "1-0"]
[WhiteElo "2345"]
[BlackElo "2205"]

1.d4 Nf6 2.c4 e6 3.Nf3 b6 4.g3 Ba6 5.b3 d5 6.cxd5 exd5 7.Bg2 Bb4+ 8.Bd2 Bd6
9.Nc3 O-O 10.Ne5 Re8 11.O-O Bb7 12.Bg5 Bxe5 13.dxe5 Rxe5 14.f4 Re8 15.Bxf6 Qxf6
16.Nxd5 Bxd5 17.Qxd5 Na6 18.Qb5 Qd4+ 19.Kh1 Nc5 20.Bxa8 Rxa8 21.Qc6 Rf8 22.Rfd1 Qb2
23.Qf3 a5 24.e4 g6 25.e5 a4 26.Qg2 Qa3 27.Rab1 axb3 28.axb3 Qb4 29.Qd5 Ne6
30.Qc4 Qa3 31.Ra1 Qb2 32.b4 Qf2 33.Rf1 Qe3 34.Rae1 Qd2 35.Rd1 Qe3 36.Qd3 Qxd3
37.Rxd3 Ra8 38.g4 Ra4 39.f5 Ng5 40.h4 Ne4 41.f6  1-0

[Event "Budapest IM-A"]
[Site "Budapest"]
[Date "1990.??.??"]
[Round "8"]
[White "Nikolaev, Sergej"]
[Black "Stajcic, Nikola"]
[Result "1-0"]
[WhiteElo "2345"]
[BlackElo "2290"]

1.d4 Nf6 2.c4 e6 3.Nf3 b6 4.g3 Ba6 5.b3 Bb4+ 6.Bd2 Be7 7.Nc3 d5 8.cxd5 exd5
9.Bg2 O-O 10.O-O Bb7 11.Bf4 Na6 12.Ne5 c5 13.dxc5 bxc5 14.Rc1 Nc7 15.Qd2 Rb8
16.Rfd1 d4 17.Na4 Bxg2 18.Kxg2 Ne6 19.Nf3 Rc8 20.Be5 Nd5 21.e4 Nb6 22.Nxb6 Qxb6
23.g4 Rfe8 24.Bg3 a5 25.Rc4 Ra8 26.Ra4 f6 27.Qd3 Bf8 28.Nd2 Nd8 29.Nc4 Qb5
30.f3 Ra6 31.Rc1 Ne6 32.Nb2 Qb7 33.Qc4 Kh8 34.Nd3 h6 35.Qd5 Qf7 36.Nxc5 Bxc5
37.Rxc5 Rd8 38.Qc4 Nxc5 39.Qxf7 Nxa4 40.Qe7 Raa8 41.Bc7 Rdc8 42.e5 Ra7 43.exf6 Raxc7
44.fxg7+ Kg8 45.Qe6+ Kxg7 46.bxa4 Rc2+ 47.Kg3 R8c4 48.h4 R2c3 49.h5 d3 50.Qg6+ Kf8
51.Qxh6+ Ke7 52.Qg5+ Kd6 53.h6 Rd4 54.h7 Rc8 55.Qf6+  1-0

[Event "Utasellato IM-A"]
[Site "Budapest"]
[Date "1990.??.??"]
[Round "10"]
[White "Dezan, Pierre"]
[Black "Stajcic, Nikola"]
[Result "1/2-1/2"]
[WhiteElo "2225"]
[BlackElo "2290"]

1.d4 Nf6 2.Nf3 e6 3.c4 b6 4.g3 Ba6 5.b3 Bb4+ 6.Bd2 Be7 7.Bg2 c6 8.Bc3 d5
9.Nbd2 Nbd7 10.O-O O-O 11.Re1 c5 12.e4 dxe4 13.Nxe4 Nxe4 14.Rxe4 Bb7 15.Re3 cxd4
16.Nxd4 Bxg2 17.Kxg2 Qc7 18.Qf3 a6 19.Nc6 Bf6 20.b4 Rac8 21.b5 Bxc3 22.Rxc3 Ne5
23.Nxe5 Qxe5 24.bxa6 Ra8 25.c5 bxc5 26.Rac1 Rxa6 27.Rxc5 Qb8 28.a3  1/2-1/2

[Event "FRA-NLD"]
[Site "Cannes"]
[Date "1990.??.??"]
[Round "2"]
[White "Piket, Jeroen"]
[Black "Miralles, Gilles"]
[Result "1-0"]
[WhiteElo "2495"]
[BlackElo "2460"]

1.d4 Nf6 2.Nf3 b6 3.c4 e6 4.g3 Ba6 5.Nbd2 Bb7 6.Bg2 c5 7.e4 cxd4 8.e5 Ng4
9.O-O Qc7 10.Re1 Na6 11.h3 Nh6 12.Ne4 Nc5 13.Nd6+ Bxd6 14.exd6 Qxd6 15.Bf4 Qe7
16.b4 Na6 17.Bxh6 gxh6 18.Qxd4 Rg8 19.a3 Rd8 20.Nh4 d5 21.Rad1 Rg5 22.Kh2 Nc7
23.f4 Rh5 24.Nf3 Rf5 25.Ne5 h5 26.g4 hxg4 27.hxg4 Rf6 28.g5 Rg6 29.c5 bxc5
30.bxc5 Na6 31.c6 Bc8 32.Re3 Qc5 33.Qxc5 Nxc5 34.Nxg6 hxg6 35.Rxd5 Rxd5 36.Bxd5 Kd8
37.Bg2 Kc7 38.Rh3 e5 39.Rh7 Be6 40.f5 Bxf5 41.Rxf7+ Kb6 42.c7 Bc8 43.Rf6+  1-0

[Event "Cannes op"]
[Site "Cannes"]
[Date "1990.??.??"]
[Round "8"]
[White "Bellincampi, Stefano"]
[Black "Coste, Thierry"]
[Result "1-0"]
[WhiteElo "2000"]
[BlackElo "2230"]

1.d4 Nf6 2.Nf3 e6 3.c4 b6 4.g3 Ba6 5.b3 b5 6.cxb5 Bxb5 7.Nc3 Bb4 8.Bd2 Bxc3
9.Bxc3 a5 10.Bg2 Bc6 11.O-O O-O 12.a3 Ne4 13.Bb2 f5 14.Nd2 Nf6 15.Qc2 Qe8
16.e4 fxe4 17.Nxe4 Qh5 18.Rad1 Ng4 19.h4 Nh6 20.Ng5 Rf5 21.d5 exd5 22.Bxd5+ Kh8
23.Bxc6 Rxg5 24.Bxa8 c6 25.hxg5 Ng4 26.f3 Ne3 27.Qc3 Nf5 28.Qe5 d6 29.Rxd6  1-0

[Event "JUG-chT Cetinje"]
[Site "Cetinje"]
[Date "1990.??.??"]
[Round "2"]
[White "Rajkovic, Dusan"]
[Black "Zelic, Zdravko"]
[Result "1-0"]
[WhiteElo "2460"]
[BlackElo "2395"]

1.d4 Nf6 2.Nf3 e6 3.c4 b6 4.g3 Ba6 5.b3 Bb4+ 6.Bd2 Be7 7.Nc3 O-O 8.e4 d5
9.cxd5 Bxf1 10.Kxf1 exd5 11.e5 Ne4 12.Kg2 f5 13.h4 Nc6 14.Ne2 Qd7 15.Be3 Nd8
16.Ne1 c5 17.f3 cxd4 18.fxe4 dxe3 19.Qxd5+ Qxd5 20.exd5 Nf7 21.Nd3 Rad8 22.Nef4 Rfe8
23.Rhe1 g5 24.hxg5 Bxg5 25.e6 Nh6 26.Rxe3 Ng4 27.Re2 Nf6 28.Re5 Ng4 29.Rae1 Nxe5
30.Rxe5 Be7 31.Rxf5 Rf8 32.Re5 Rc8 33.Re2 Rc3 34.Nf2 Rd8 35.Ne4 Rcc8 36.Rd2 Bd6
37.Kf3 Kf8 38.Nxd6 Rxd6 39.Ke4 Rc3 40.Ke5 Ke7 41.Rh2 Re3+ 42.Kd4  1-0

[Event "JUG-chT Cetinje"]
[Site "Cetinje"]
[Date "1990.??.??"]
[Round "6"]
[White "Ilic, Zoran"]
[Black "Lalic, Bogdan"]
[Result "1/2-1/2"]
[WhiteElo "2375"]
[BlackElo "2475"]

1.d4 Nf6 2.Nf3 e6 3.c4 b6 4.g3 Ba6 5.b3 Bb7 6.Bg2 Bb4+ 7.Bd2 c5 8.O-O O-O
9.Bc3 d5 10.cxd5 Nxd5 11.Bb2 cxd4 12.Nxd4  1/2-1/2

[Event "JUG-chT Cetinje"]
[Site "Cetinje"]
[Date "1990.??.??"]
[Round "6"]
[White "Rajkovic, Dusan"]
[Black "Raicevic, Vladimir"]
[Result "1-0"]
[WhiteElo "2460"]
[BlackElo "2460"]

1.d4 Nf6 2.c4 e6 3.Nf3 b6 4.g3 Ba6 5.b3 Bb7 6.Bg2 Bb4+ 7.Bd2 Qe7 8.O-O Bxd2
9.Nbxd2 d6 10.Qc2 c5 11.e4 e5 12.d5 Nbd7 13.Ne1 h5 14.Ndf3 Ng4 15.Nh4 g6
16.Nd3 O-O 17.Rae1 Kh7 18.Bh3 Ndf6 19.f3 Nh6 20.f4 exf4 21.e5 Nfg4 22.Nxf4 Rg8
23.exd6 Qxd6 24.Nfxg6 fxg6 25.Re6 Qxe6 26.dxe6 Ne3 27.Qc3 Nxf1 28.Bxf1 Rae8
29.Qf6 Be4 30.Qe5 Bf5 31.Nf3 Rg7 32.Ng5+ Kg8 33.Bg2 Ng4 34.Qc3 Rf8 35.Bd5 Re7
36.h3 Nf6 37.Qe5 Kg7 38.Be4 Rd8 39.Bxf5 gxf5 40.Qxf5 Rd4 41.Nf3 Rd1+ 42.Kf2 Nh7
43.g4 hxg4 44.hxg4 Rd8 45.Qe5+ Kg8 46.Nh4 Rf8+ 47.Nf5 Ng5 48.Kg2 Rh7 49.e7 Re8
50.Qf6  1-0

[Event "JUG-chT Cetinje"]
[Site "Cetinje"]
[Date "1990.??.??"]
[Round "7"]
[White "Osmanbegovic, Suad"]
[Black "Kurajica, Bojan"]
[Result "0-1"]
[WhiteElo "2315"]
[BlackElo "2480"]

1.d4 Nf6 2.c4 e6 3.Nf3 b6 4.g3 Ba6 5.b3 d5 6.Bg2 Bb7 7.cxd5 exd5 8.O-O Be7
9.Nc3 O-O 10.Bf4 Na6 11.Rc1 c5 12.Qd3 Qc8 13.Rfd1 h6 14.Nh4 Ne4 15.Nf3 Qe6
16.dxc5 Naxc5 17.Qb1 Bf6 18.Nb5 Qd7 19.Nbd4 Rac8 20.Ne5 Qe8 21.Nef3 g5 22.Be3 Qd7
23.Nd2 Nd6 24.N4f3 Nb5 25.Nc4 Qe6 26.Na5 Na3 27.Bxc5 Nxb1 28.Bxf8 Rxc1 29.Rxc1 Nc3
30.Rxc3 Bxc3 31.Nxb7 Kxf8 32.Nd8 Qxe2  0-1

[Event "JUG-chT Cetinje"]
[Site "Cetinje"]
[Date "1990.??.??"]
[Round "7"]
[White "Gostisa, Leon"]
[Black "Dizdarevic, Emir"]
[Result "0-1"]
[WhiteElo "2370"]
[BlackElo "2475"]

1.d4 Nf6 2.Nf3 e6 3.c4 b6 4.g3 Ba6 5.Qa4 Bb7 6.Bg2 c5 7.dxc5 Bxc5 8.O-O O-O
9.Nc3 Be7 10.Bf4 Na6 11.Rad1 Nc5 12.Qc2 Rc8 13.Nb5 Nce4 14.Nxa7 Ra8 15.Nb5 Rxa2
16.Nd2 Nxd2 17.Rxd2 Bxg2 18.Kxg2 Qa8+ 19.f3 Bb4 20.Rdd1 d5 21.cxd5 Nxd5 22.Bc1 Qa6
23.Qd3 Bc5 24.Nc3 Nxc3 25.Qxa6 Rxa6 26.bxc3 h5 27.f4 Ra2 28.Kf3 Rc2 29.Rd3 Ra8
30.Bd2 Raa2 31.Rd1 f5 32.h3 Kh7 33.e4 g6 34.g4 h4 35.Rd7+ Kg8 36.exf5 gxf5
37.gxf5 exf5 38.Rd3 Kf7 39.Ke2 Ke6 40.Rb1 Ra8 41.Re1 Kf6 42.Kd1 Rb2 43.Rd5 Ra1+
44.Ke2 Rxe1+ 45.Kxe1 Rb1+ 46.Ke2 Rh1 47.Rd3 Rh2+ 48.Kd1 Bf2 49.c4 Kg6 50.Be3 Kh5
51.c5 Rxh3 52.c6 Bxe3 53.Ke2 Rh2+ 54.Kxe3 Rc2 55.Rb3 h3 56.Kf3 h2 57.Rb1 Kh4
58.c7 Kh3  0-1

[Event "JUG-chT Cetinje"]
[Site "Cetinje"]
[Date "1990.??.??"]
[Round "8"]
[White "Rajkovic, Dusan"]
[Black "Dizdarevic, Emir"]
[Result "1-0"]
[WhiteElo "2460"]
[BlackElo "2475"]

1.d4 Nf6 2.c4 e6 3.Nf3 b6 4.g3 Ba6 5.b3 Bb7 6.Bg2 Bb4+ 7.Bd2 c5 8.O-O O-O
9.Bxb4 cxb4 10.a3 bxa3 11.b4 Qe7 12.Qa4 d5 13.Nxa3 dxc4 14.Nxc4 Nd5 15.Nfe5 Rc8
16.Rfc1 Nc6 17.Nxc6 Bxc6 18.b5 Bb7 19.Qb3 h6 20.Ne5 Qe8 21.Bf3 Rxc1+ 22.Rxc1 Rc8
23.Ra1 Rc3 24.Qb2 Qc8 25.Bxd5 Bxd5 26.Nc6 Rxc6 27.bxc6 Qc7 28.Rc1 a6 29.Qa3 a5
30.Qe3 f6 31.Qf4 e5 32.dxe5 fxe5 33.Qf5  1-0

[Event "JUG-chT Cetinje"]
[Site "Cetinje"]
[Date "1990.??.??"]
[Round "9"]
[White "Gostisa, Leon"]
[Black "Rajkovic, Dusan"]
[Result "1/2-1/2"]
[WhiteElo "2370"]
[BlackElo "2460"]

1.d4 Nf6 2.Nf3 e6 3.c4 b6 4.g3 Ba6 5.Nbd2 Bb4 6.Qc2 b5 7.Bg2 bxc4 8.Ne5 Nd5
9.O-O O-O 10.Ndxc4 Be7 11.Bd2 f6 12.Nd3 Nc6 13.Qa4 Qc8 14.Nc5 Bxc5 15.dxc5 Rb8
16.b3 Bb5 17.Qa3 Nd4 18.e4 Ne7 19.Rad1 Nec6 20.f4 Qa6 21.Qxa6 Bxa6 22.Be3 Bxc4
23.bxc4 Nc2 24.Bf2 Rfd8 25.Rd2 Na3 26.Rc1 Na5 27.Bf1 Rb4 28.Rcd1 Rb1 29.Rxb1 Nxb1
30.Rb2 Nc3 31.Be1 Na4 32.Rb5 Nc6 33.Bg2 Rb8 34.Bf1 Kf7 35.Kf2 Ke7 36.Ke3 Kd8
37.Be2 a6 38.Rxb8+ Nxb8 39.Bd1 Nxc5 40.Bb4 d6 41.Bxc5 dxc5 42.Ba4 c6 43.e5 fxe5
44.fxe5 Nd7 45.Ke4 Nb6 46.Bb3 Ke7 47.Kf4 Kf7 48.h4 h6 49.g4 a5 50.a3 Ke7
51.Ke4 g5 52.hxg5 hxg5 53.Ke3 Nd7 54.Ke4 Kd8 55.Bc2 Kc7 56.Bb1 Nb6 57.Kd3 Kd8
58.Bc2 Ke7 59.Bd1 Nd7 60.Ke4 Nf8 61.Ba4 Kd7  1/2-1/2

[Event "Cheliabinsk-A"]
[Site "Cheliabinsk"]
[Date "1990.??.??"]
[Round "?"]
[White "Vyzmanavin, Alexey"]
[Black "Magerramov, Elmar"]
[Result "1/2-1/2"]
[WhiteElo "2585"]
[BlackElo "2500"]

1.d4 Nf6 2.c4 e6 3.Nf3 b6 4.g3 Ba6 5.b3 Bb4+ 6.Bd2 Be7 7.Bg2 c6 8.Bc3 d5
9.Ne5 Nfd7 10.Nxd7 Nxd7 11.Nd2 O-O 12.O-O Rc8 13.e4 dxe4 14.Nxe4 b5 15.Re1 bxc4
16.Qe2 Nf6 17.Rac1 Nxe4 18.Bxe4 Bf6 19.Red1 Qc7 20.Qh5 g6 21.Qa5 Qb7 22.bxc4 Bxc4
23.Bb4 Qb5 24.Qxb5 cxb5 25.Bxf8 Rxf8 26.Bd3 Bxa2 27.Bxb5 Rd8 28.Bc4 Bxc4
29.Rxc4 Rd5 30.Kf1 a5 31.Rc5 Rxd4 32.Rxd4 Bxd4 33.Rxa5 h5 34.Ke2 Kg7 35.f3 Bg1
36.h3 Bb6 37.Rb5 Bc7 38.g4 hxg4 39.hxg4 Bf4 40.Rb7 Kf8 41.Kd3 Ke8 42.Ke4 g5  1/2-1/2

[Event "Debrecen"]
[Site "Debrecen"]
[Date "1990.??.??"]
[Round "4"]
[White "Dorfman, Josif D"]
[Black "Adorjan, Andras"]
[Result "1-0"]
[WhiteElo "2595"]
[BlackElo "2520"]

1.d4 Nf6 2.c4 e6 3.Nf3 b6 4.g3 Ba6 5.Nbd2 Bb7 6.Bg2 c5 7.e4 cxd4 8.e5 Ne4
9.O-O Nxd2 10.Bxd2 Bc5 11.b4 Be7 12.b5 d3 13.Bc3 a6 14.Qxd3 axb5 15.cxb5 Ra3
16.Nd2 Qc7 17.Nc4 Bxg2 18.Kxg2 Ra4 19.Nd6+ Bxd6 20.exd6 Qb7+ 21.Kg1 O-O 22.a3 Rg4
23.f4 h5 24.Rac1 Rg6 25.Be5 h4 26.a4 Qa8 27.Rc4 Re8 28.Qf3 Qd5 29.Rc2 hxg3
30.hxg3 f6 31.Qxd5 exd5 32.f5 Rg5 33.Bf4 Rxf5 34.g4 Rxf4 35.Rxf4 Kf7 36.Rd4 Rh8
37.Rxd5 Ke6 38.Rd3 Ke5 39.Kg2  1-0

[Event "Dieren op"]
[Site "Dieren"]
[Date "1990.??.??"]
[Round "2"]
[White "Osterman, Rudolf"]
[Black "Farago, Ivan"]
[Result "0-1"]
[WhiteElo "2375"]
[BlackElo "2465"]

1.d4 Nf6 2.Nf3 e6 3.c4 b6 4.g3 Ba6 5.b3 Bb4+ 6.Bd2 Be7 7.Bg2 d5 8.Bc3 O-O
9.O-O c5 10.Ne5 Qc7 11.Nd2 Nbd7 12.Nxd7 Qxd7 13.dxc5 bxc5 14.e4 d4 15.e5 dxc3
16.exf6 Rad8 17.fxg7 Kxg7 18.Qg4+ Kh8 19.Nf3 Bf6 20.Qf4 Bg7 21.Ne5 Qd2 22.Nxf7+ Kg8
23.Qxd2 Rxd2 24.Ng5 c2 25.Rae1 Rfxf2  0-1

[Event "Dieren op"]
[Site "Dieren"]
[Date "1990.??.??"]
[Round "4"]
[White "Kinsman, Andrew PH"]
[Black "Farago, Ivan"]
[Result "1/2-1/2"]
[WhiteElo "2305"]
[BlackElo "2465"]

1.d4 e6 2.c4 Nf6 3.Nf3 b6 4.g3 Ba6 5.Nbd2 Bb7 6.Bg2 d5 7.cxd5 exd5 8.O-O Be7
9.Qa4+ c6 10.Ne5 O-O 11.Rd1 Qe8 12.b4 Bd6 13.Bb2 Na6 14.a3 c5 15.Qxe8 Rfxe8
16.Ndc4 Bc7 17.b5 cxd4 18.bxa6 Bxa6 19.f4 dxc4 20.Bxa8 Rxa8 21.Bxd4 Ne4 22.a4 Bxe5
23.Bxe5 f6 24.Bd4 Rc8 25.Ra3 Rd8 26.e3 Nc5 27.Kf2 Nb3 28.Ke1 Bb7 29.Bc3 Re8
30.Ke2 Bc6 31.Rd6 Rc8 32.a5 b5 33.a6 Nc5 34.Bb4 Ne4 35.Rd1 h5 36.Raa1 Kf7
37.Rd4 f5 38.Rad1 Be8 39.Rd8 Rc6 40.R1d5 c3 41.Kd1 Rxa6 42.Rxf5+ Kg6 43.Re5 Ra1+
44.Kc2 Ra2+ 45.Kc1 Ra1+ 46.Kc2 Ra2+ 47.Kc1  1/2-1/2

[Event "Dortmund op"]
[Site "Dortmund"]
[Date "1990.??.??"]
[Round "7"]
[White "Gruber, Thomas"]
[Black "Bandza, Algirdas"]
[Result "0-1"]
[WhiteElo "2235"]
[BlackElo "2380"]

1.d4 Nf6 2.Nf3 e6 3.c4 b6 4.g3 Ba6 5.b3 Bb4+ 6.Bd2 Be7 7.Bg2 O-O 8.O-O d5
9.Ne5 Bb7 10.Nc3 Na6 11.Be3 Qc8 12.cxd5 exd5 13.Qd2 Rd8 14.Rfd1 h6 15.Rac1 Bf8
16.Nd3 Qe6 17.Nf4 Qe8 18.f3 c6 19.Bf2 Nc7 20.Qe3 Be7 21.Na4 Qf8 22.Nb2 Ba3
23.Qd2 Na6 24.Rb1 Bb4 25.Qc2 Bd6 26.e4 Nb4 27.Qd2 dxe4 28.fxe4 Ng4 29.Nc4 Bc5
30.Qe2 Nxf2 31.Qxf2 Be7 32.a3 Na6 33.b4 Nc7 34.Kh1 Nb5 35.Rbc1 Rac8 36.Ne5 Bf6
37.Bh3 Bxe5 38.dxe5 Rxd1+ 39.Rxd1 Rd8 40.Bd7 Nc3 41.Rd3 Nxe4 42.Qe3 c5 43.Kg1 Ng5
44.h4 Nf3+ 45.Kf2 Nd4 46.e6 Nxe6 47.Nxe6 fxe6+ 48.Kg1 Kh8 49.Bxe6 Re8 50.bxc5 Bc8
51.Rd6 bxc5 52.Rc6 Qe7  0-1

[Event "Frankfurt"]
[Site "Frankfurt"]
[Date "1990.??.??"]
[Round "?"]
[White "Alber, Horst"]
[Black "Kohlweyer, Bernd"]
[Result "1-0"]
[WhiteElo "2340"]
[BlackElo "2395"]

1.d4 Nf6 2.c4 e6 3.Nf3 b6 4.g3 Ba6 5.Qa4 c5 6.Bg2 Bb7 7.O-O cxd4 8.Nxd4 Bxg2
9.Kxg2 Qc7 10.Rd1 a6 11.Nc3 Qb7+ 12.f3 Be7 13.e4 O-O 14.Be3 d6 15.Qc2 Rc8
16.Qe2 Nbd7 17.Rac1 Bf8 18.g4 Ne5 19.b3 g6 20.Kg1 h6 21.h3 Re8 22.Bf2 Ned7
23.Bg3 Rac8 24.Qh2 Qb8 25.Qe2 Qb7 26.a4 h5 27.Nc2 hxg4 28.hxg4 Qc7 29.Kg2 Nc5
30.Rb1 Rcd8 31.Nd4 Ncd7 32.Rbc1 Bg7 33.Ndb5 axb5 34.Nxb5 Qc5 35.Nxd6 Qc6
36.Nxe8 Rxe8 37.Rd6 Qb7 38.e5 Nh7 39.Rcd1 Nhf8 40.Kf2 Qc7 41.Qe3 Ra8 42.f4 Ra7
43.f5 Qc5 44.f6 Bh6 45.Qxc5 bxc5 46.a5 Kh7 47.a6 g5 48.Kf3 Kg6 49.Ke4 Kh7
50.Bf2  1-0

[Event "Gausdal Int"]
[Site "Gausdal"]
[Date "1990.??.??"]
[Round "8"]
[White "Inkiov, Ventzislav"]
[Black "Schneider, Lars Ake"]
[Result "0-1"]
[WhiteElo "2510"]
[BlackElo "2405"]

1.d4 Nf6 2.c4 e6 3.Nf3 b6 4.g3 Ba6 5.Qa4 Bb7 6.Bg2 c5 7.O-O cxd4 8.Nxd4 Bxg2
9.Kxg2 Qc7 10.Rd1 a6 11.Nc3 Be7 12.Bg5 h6 13.Bxf6 Bxf6 14.Ne4 Be7 15.f3 O-O
16.Rd3 Rc8 17.Qb3 d6 18.c5 bxc5 19.Nxe6 fxe6 20.Qxe6+ Kh8 21.Nxd6 Bxd6 22.Rxd6 Nc6
23.Rc1 Qb6 24.b4 Re8 25.Qc4 Rac8 26.Qxc5 Qxc5 27.Rxc5 Nxb4 28.Rxc8 Rxc8 29.a3 Nc6
30.e4 Ne5 31.f4 Ng4 32.e5 Rc2+ 33.Kh3 h5 34.Kh4 Rxh2+ 35.Kg5 Kh7 36.Rxa6 Rh3
37.Ra4 Ne3 38.Ra7 h4 39.gxh4 Rg3+ 40.Kh5 Nd5  0-1